000
00287nam a22001337a 4500
008
170619b xxu||||| |||| 00| 0 eng d
020
_a
9780073514970
041
_a
eng
080
_2
14TH
_a
323
100
_a
20
101
_a
SHP
245
_a
TAKING SIDES
_c
NOLL,J.W
942
_2
udc
_c
BK
999
_c
18001
_d
18001